000 01165nam a2200229Ia 4500
003 Ost
005 20260507075333.0
008 260507s9999||||xx |||||||||||||| ||und||
020 _a9789957122546
040 _cfsecg
041 _aara
082 _a330
100 _aالعلاق، بشير
_eمؤلف
245 0 _aالتسويق الالكتروني /
_c بشير العلاق
260 _aعمان:
_bدار اليازوري,
_c2010
300 _a197 صفحة؛
_bإيضاحات ؛
_c25 سم
520 _aمدخل الى التسويق الالكتروني ، الشبكات و استخداماتها في التسويق ، نجاحات التسويق الالكتروني ، المبيعات الالكترونية ، الخدمات الالكترونية و أساليب تسويقها ، أساليب التسعيرية في بيئة الأعمال الالكترونية ، الاتصالات التسويقية الالكترونية ، قنوات التوزيع في البيئةالالكترونية
653 _aأدارة المبيعات
653 _aالتسويق
653 _aالتسويق الإلكتروني
942 _cكتاب
999 _c44020
_d44020